Languages with different alphabets. - Statistics

General Stats
  • This quiz has been taken 39 times
  • The average score is 33 of 81
Answer Stats
Sentence Language % Correct
Быстрая коричневая лиса перепрыгивает через ленивую собаку. Russian
97%
الثعلب البني السريع يقفز فوق الكلب الكسول Arabic
94%
速い茶色のキツネが怠け者の犬を飛び越えます。 Japanese
91%
敏捷的棕色狐狸跳过懒狗 Chinese
89%
สุนัขจิ้งจอกสีน้ำตาลตัวเร็วกระโดดข้ามสุนัขขี้เกียจ. Thai
89%
Η γρήγορη καφέ αλεπού πηδά πάνω από τον τεμπέλη σκύλο. Greek
86%
तेज भूरे रंग की लोमड़ी आलसी कुत्ते के ऊपर कूदती है। Hindi
86%
재빠른 갈색 여우가 게으른 개를 뛰어넘습니다. Korean
86%
Швидка коричнева лисиця стрибає через ледачого собаку. Ukrainian
83%
تیز بھوری لومڑی سست کتے پر چھلانگ لگاتی ہے۔ Urdu
77%
השועל החום המהיר קופץ מעל הכלב העצל Hebrew
74%
روسا چوكلت يڠ چڤت ملونچور ك اتس انجيڠ يڠ مالس. Malay
74%
روباه قهوه‌ای سریع از روی سگ تنبل می‌پرد. Persian
74%
Хуткая карычневая ліса пераскоквае праз лянівага сабаку. Belarusian
69%
ក្រហមខ្ពស់ឈាមដុះកវ៉ាសាច់ស្រីកម្រក។ Khmer
69%
ຫມາຈອກ ສີນ້ໍາຕານ ໄວ ກະໂດດ ໃສ່ ຫມາ ທີ່ ຂີ້ຄ້ານ. Lao
69%
Брзи чупави лисичак скаче преко лењог пса. Serbian
69%
Бързият кафяв лисицо скача над мързеливото куче Bulgarian
66%
Жылдам қоңыр түлкі баяу иттің үстінен секіреді. Kazakh
66%
Ҷонваре, ки хомуши зард аст, ба болои саги хоболуд мепарад. Tajik
66%
ჩქარა რუხი დათვი ხალისიან ძაღლზე ხტება. Georgian
60%
Тез күрөң түлкү жалкоо иттин үстүнөн секирет. Kyrgyz
60%
Արագ մոխրագույն վերջակետը թռչում է ծույլ շան վրա Armenian
57%
চটপটে বাদামী শিয়াল আলসে কুকুরের ওপর দিয়ে লাফিয়ে পড়ে Bengali
57%
မြန်မာပြည်အသားအရောင်ချောင်ချောင်ကေကြာလွတ်လာပါတယ်။ Burmese
57%
敏捷的褐色狐狸跳過懶惰的狗 Cantonese
57%
छिटो खैरो लोमड़ी आलसी कुकुरको माथि जाउँछ। Nepali
57%
ፈጣን ቡናማ ቀበሮ ሰነፍ ውሻ ላይ ዘለለ Amharic
54%
ਚੁਸਕੀ ਭੂਰੇ ਗੁਲਾਬੀ ਨੇ ਆਲਸੀ ਕੁੱਤੇ ਉੱਤੇ ਕੂਦਿਆ। |تیز بھوری لومڑی سست کتے اُتے چھلانگ مار دی اے۔ Punjabi
54%
விரைவு குறுக்கு பூனையை மிதிக்கின்ற பழுப்பு நாய். Tamil
54%
ઝડપી કાળો લૂણાં આળસ ભરેલા શ્વાન ઉપરથી ઉડી જાય છે. Gujarati
51%
Брзиот кафеав лисицa скока над ленивото куче. Macedonian
51%
چټک نسواري کيری د سست سپي باندې ځي. Pashto
51%
ⵓⵛⵛⴻⵏ ⴰⵇⴰⵀⵡⵉ ⵙ ⵜⵖⴰⵡⵍⴰ ⵢⴻⵜⵜⵏⴻⴳⴳⵉⵣ ⵖⴻⴼ ⵓⵇⵊⵓⵏⵏⵏⵉ ⵏ ⵜⵎⴻⵥⵥⵓⵖⵜ. Berber
49%
མགྱོགས་དྲགས་ཅན་གྱི་རྒྱ་སྨུག་གིས་ རོ་ཁྱི་ངན་པའི་གུ་ལས་མཆོངམ་ཨིན། Dzongkha
49%
త్వరితమైన కాఫీ రంగు నక్క కుంగిన కుకురుపై దాటుతుంది. Telugu
46%
ಚುರುಕಾದ ಕಂದು ತೋಳ ಕೊಂಚ ಬೆರಗಿನ ಕಾಯನನ್ನು ಜಾರಿಸುತ್ತದೆ. Kannada
43%
ക്ഷണിമുറ്റിയ വെള്ളപ്പുത്തൻ കുന്നിലേക്ക് സലയുന്ന മുട്ടയുടെ വഴിയിലും उണ്ട്. Malayalam
43%
වේගෙන් කුඩා කළු මීවරයා කැළඹී ආලස මස්සක් මිබාඑහැඳේ. Sinhala
43%
गतीशील तपकिरी लोमडी आळसे कुत्र्यावर उडी मारते. Marathi
37%
གྲུང་ཤ་དོད་པའི་རྫ་མདོག་གི་ཝ་མོ་ལེ་ལོ་ཅན་གྱི་ཁྱི་ལྡིང་། Tibetan
37%
እታ ቐልጢፋ ቡናዊት ወኻርያ ኣብ ልዕሊ እቲ ሃካይ ከልቢ ዘሊላ ኣተወት። Tigrinya
37%
ଦ୍ରୁତ ବୌନ କୋଆ ପୁଷ୍ପର ବ୍ରତୀ କୁ ଗର୍ଜନ କରେ। Odia
34%
शिक्षितः तगगणश्च मूढश्वानं उपरि कूदति। Sanskrit
34%
جلدي کان جو اڇو کٽڻ جيڪو سست ڪتو تي پير ٿو. Sindhi
34%
Тиз җирән төлке ялкау эт өстеннән сикерә. Tatar
34%
দ্ৰুত বৰণফেওৰ মাকৰ ওপৰলৈ ধাৱন কৰে Assamese
31%
די שנעל בראון פוקס דזשעימפּט איבער דעם לאזיקער מענטשן. Yiddish
31%
تیز بھوری لومڑی سستیں کتے ءِ سرا کود جنت۔ Balochi
29%
روباه قهوه‌ای سریع از روی سگ تنبل می‌پرد Dari
29%
साँस तेज़ भूरे लोमड़ी आलसी कुकुर के उपर कूदैत अछि। Maithili
29%
تیز براؤن فاکس چُھ سست ہونِس پیٹھ وۄٹھ تراوان۔ Kashmiri
26%
झटपट तपकिरी कोल्हो आळशी कुत्र्याचेर उडी मारता. Konkani
26%
قوڭۇر رەڭلىك تۈلكە ھورۇن ئىتنىڭ ئۈستىدىن سەكرەپ ئۆتتى. Uyghur
26%
Етеҙ һоро төлкө ялҡау эт аша һикерә Bashkir
23%
तेज भूरा लोमड़ी आलसी कुकुर पर कूद जाले। Bhojpuri
23%
Сихха Ӏаьржа жӀаьла сонтачу жӀаьлина тӀехула кхоссало. Chechen
20%
ᱩᱥᱟᱹᱨᱟ ᱯᱮᱸᱰᱨᱟᱝ ᱛᱩᱭᱩ ᱫᱚ ᱟᱹᱲᱤᱥ ᱥᱮᱛᱟ ᱪᱮᱛᱟᱱ ᱨᱮ ᱫᱚᱱ ᱮᱱᱟᱭ ᱾ Santali
17%
Түргэн бороҥ саһыл дьадаҥы ыты үрдүнэн ыстанар. Yakut
17%
Писын кӱрен рывыж ласка пий ӱмбач тӧршта. Mari
14%
ၵႂၢႆးသီၶဵဝ် ဢၼ်ဝႆးၼၼ်ႉ ဝႅၼ်ပူၼ်ႉ မႃဢၼ်မဝ်မၢင်ၼၼ်ႉ။ Shan
14%
Абга каҳуа лас ала аашьа иахыԥоит. Abkhazian
11%
Хехаб хъахӀаб гьве кӀвахӀалав гьвеялда тӀад кӀанцӀула. Avar
11%
गोख्रै ब्राउन फक्सआ अलसिया सैमानि सायाव बाज्रुमो। Bodo
11%
Түргэн хүрин үнэгэн залхуу нохой дээгүүр харайна. Buryat
11%
Хӑвӑрт хӑмӑр тилӗ юлхав йытӑ урлӑ сиксе каять. Chuvash
11%
އަވަސް ބްރައުން ފޮކްސް ލެޒީ ކުއްތާގެ މައްޗަށް ފުންމާލައިފި Divehi
11%
तौले भूरे रंग दी लोमड़ी आलसी कुत्ते पर कुद्दी ऐ Dogri
11%
ꯊꯨꯅꯥ ꯌꯥꯡꯅꯥ ꯂꯥꯀꯄꯥ ꯑꯉꯧꯕꯥ ꯐꯣꯛꯁ ꯑꯗꯨꯅꯥ ꯂꯦꯃꯍꯧꯔꯤꯕꯥ ꯀꯨꯠꯇꯥ ꯂꯥꯟꯊꯣꯀꯏ꯫ Manipuri
11%
Дүрген хүрең дилги чалгаа ыттың кырынче сегирипкен. Tuvan
11%
Тез къаверенки тильки тенбель копекнинъ устюнден секирип кече. Crimean Tatar
9%
Регыд гӧрд лиса котӧртӧ ляпкыдик пон вылӧ. Komi
9%
तेज भूरा लोमड़ी आलसी कुत्ते के ऊपर से कूद जात है। Awadhi
6%
तेज भूरे लोमड़ी आलसी कुत्ते पर कूदती है। Marwari
6%
ತ್ವರಿತ ಕಂದು ನರಿ ಸೋಮಾರಿ ನಾಯಿದ ಮಿತ್ತ್ ಜಂಪ್ ಮಲ್ಪುಂಡು. Tulu
6%
ᓱᒃᑲᔪᖅ ᑎᕆᒐᓂᐊᖅ ᕿᒡᒋᖅᑐᖅ ᕿᒻᒥᐅᑉ ᖁᓛᒍᑦ. Inuktikut
3%
Тохилог бор үнэг залхуу нохойг давж байна. Mongolian (Cyrillic)
3%
ᠬᠠᠷᠰᠢ ᠰᠠᠮᠠᠭᠤᠨ ᠬᠦᠷᠡᠩ ᠦᠨᠡᠭᠡ ᠠᠯᠵᠠᠭᠤ ᠨᠣᠬᠠᠢ ᠶᠢ ᠦᠰᠦᠷᠦᠨ ᠭᠠᠷᠴᠠᠢ ᠃ Mongolian (Traditional)
3%
याकनं न्यासि वनीम्ह सियुम्ह ध्वं अल्सिम्ह खिचाया च्वय् तिंन्हुइ । Nepal Bhasa
3%
ߢߊ߰ߙߊ߬ߢߊ߰ߙߊ߬ ߥߎߟߋ߲߫ ߟߞߊߟߌߡߊ߲ ߦߋ߫ ߜߊ߲߫ ߠߊ߫ ߥߎ߬ߟߎ ߛߟߊ߬ߦߊ߬ߣߍ߲ ߞߊ߲߬. N'ko
3%
ڕێوی قاوەیی خێرا بەسەر سەگە تەمبەڵەکەدا باز دەدات Kurdish (central)
0%
No matching quizzes found
Score Distribution
Percent of People with Each Score
Percentile by Number Answered
Your Score History
You have not taken this quiz